=LDR 00000nam 2200000 4500 =001 INLIS000000000043830 =005 20210118103006 =035 ##$$a 0010-101300000001752 =008 210118###########################0#ind## =041 ##$$a ind =082 ##$$a 346.08 =090 ##$$a 346.08, Dew a =100 ##$$a Dewi, Gemala =245 1#$$a Aspek-aspek hukum dalam perbankan dan perasuransian syariah di Indonesia, Gemala Dewi; Editor, Muhammad Nauval Omar =260 ##$$a 2006 :$b Jakarta =300 ##$$a xxiv, 296 hlm, ilus, 23 cm =650 #4$$a Hukum Perbankan =700 #$$a Omar, Muhammad Nauval =850 ##$$a NBPNMAT =990 ##$$a 0001/BPAP-NTB/20142014 =990 ##$$a 0001/BPAP-NTB/20142014 =990 ##$$a 0001/BPAP-NTB/20142014 =990 ##$$a 0001/BPAP-NTB/2016 =990 ##$$a 0157/BPAP-NTB/2017